Chansons françaises par paroles commençant par A - Statistiques

Statistiques générales
  • Ce quiz a été pris 264 fois
    201 depuis la dernière actualisation
  • Le résultat moyen est 9 sur 20
Statistiques - réponses
Hint Réponse % Correct
Dans le port d'________ Y a des marins qui meurent
Pleins de bière et de drames
Aux premières lueurs
Amsterdam
90%
Voiles sur les filles
Et barques sur le Nil
Je suis dans ta vie
Je suis dans tes draps
Alexandrie Alexandra
86%
Lentement
Les ailes déployées
Lentement
Je le vis tournoyer
Près de moi
Dans un bruissement d'ailes
Comme tombé du ciel
L'oiseau vint se poser
L'{Aigle noir}
77%
Et là tu t'dis que c'est fini Car pire que ça ce serait la mort Quand tu crois enfin qu'tu t'en sors Quand y en a plus eh ben y en a encore Alors on danse
75%
On veut du Clody Musette À en perdre la tête On veut un dernier Chabrol Un petit coup de gnôle À nos souvenirs
75%
Dérivant à bord du Sampang L'aventure au parfum d'Ylalang Son surnom Samouraï du soleil En démantelant le gang de l'archipel L'{Aventurier}
64%
L’ennemi tapi dans mon esprit Fête mes défaites Sans répit Me défie Je renie la fatale hérésie Qui ronge mon être Je veux renaître Renaître L'{Assassymphonie}
60%
Laisser derrière toutes nos peines
Nos haches de guerre nos problèmes
Se libérer de nos chaînes
Lâcher le lion dans l'arène
Allumer le feu
54%
Qu'on l'écrive blanc sur noir
Ou bien noir sur blanc
On voit surtout du rouge, du rouge
Sang, sang, sans trêve ni repos
Qu'on soit ma foi
Noir ou blanc de peau
Armstrong
47%
Posté devant la fenêtre je guette Les âmes esseulées ________
Posté devant la fenêtre, je regrette
De n'y avoir songé maintenant que tu abandonnes
À la faveur de l'automne
42%
Je me suis assis Auprès de son âme Mais la belle dame S'était enfuie Je l'ai cherchée Sans plus y croire Et sans un espoir Pour me guider Aline
42%
On va garder l'maillot d'parents Ça fait 6 ans qu'ils nous font rêver On a quand même eu du talent Regarde un peu c'qu'on à créer Adieu
36%
Et même s'il faut partir
Changer de terre ou de trace
S'il faut chercher dans l'exil
L'empreinte de mon espace
Au Bout De Mes Reves
36%
Malgré tout l'amour que je te porte
Toi tu n'y entends vraiment rien
Notre histoire que le diable l'emporte
Avec toi j'irais bien
Même sans toi j'irais bien
Au Soleil
35%
Les amis je vous dis adieu
Je devrais vous pleurer un peu
Pardonnez-moi si je n'ai dans les yeux
Que l'________
L'{Amérique}
32%
Tu voudrais dialoguer sans renvoyer la balle
Impossible d'avancer sans ton gilet pare-balles
Tu voudrais donner des yeux à la justice
Impossible de violer cette femme pleine de vices
Antisocial
28%
Regarde-moi dans les yeux
Et j'deviens amnésique
J'crois qu'ton corps me rappelle
Des souvenirs d'Amérique
Angela
24%
Si tu parles il te faut savoir Que ceux qui lancent des regards courroucés
Ne voudront voir dans leur miroir
Que ce qui peut les arranger
Aimer est plus fort que d'être aimé
20%
J'ai perdu tant de fois la trace
Des rêves pour lesquels je vivais
Je n'ai pas su te dire je t'aime
Seulement te garder
Il faut aussi dire ses doutes
Et les poser dans d'autres mains
Aller plus haut
14%
Un bouquet d'épines reçu les yeux fermés
De l'arsenic dans un flacon d'eau parfumée
C'est un cadeau piégé
Une flèche au cœur, c'est joli dans l'idée
Mais faudrait apprendre à aimer sans saigner
Cupidon est sans pitié
Amour toujours
4%
Aucun quiz correspondant
Distribution des résultats
% des personnes avec chaque résultat
Percentile par nombre de réponses
Votre historique - résultats
Vous n’avez pas pris ce quiz depuis la dernière actualisation